000 00598nam a2200193Ia 4500
003 GCL
008 140319s9999 xx 000 0 ara d
040 _aGCL /
_cGCL
082 0 4 _a843.01
_bا ق
100 1 _aخالدة سعيد
245 1 0 _aالقط الاسود: وقصص اخرى /
_cخالدة سعيد
700 1 _aالن بو ، ادغار
300 _a194 ص
490 _aكتاب
_v0
650 0 4 _aالادب الفرنسى المترجم
650 0 4 _aالقصص الفرنسية المترجمة
650 0 4 _aالادب الفرنسى - تاريخ ونقد
942 _2ddc
_cBK
999 _c41953
_d41953